British Paramountcy&Indian R।- IX (Record no. 1247879)

MARC details
000 -LEADER
fixed length control field 00517nam a2200193Ia 4500
008 - FIXED-LENGTH DATA ELEMENTS--GENERAL INFORMATION
fixed length control field 151121s9999||||xx |||||||||||||| ||und||
082 ## - DEWEY DECIMAL CLASSIFICATION NUMBER
Classification number 901।954/ MAJ
082 ## - DEWEY DECIMAL CLASSIFICATION NUMBER
Item number HNW-66382
100 ## - MAIN ENTRY--PERSONAL NAME
Personal name Majumdar R।C
245 ## - TITLE STATEMENT
Title British Paramountcy&Indian R।- IX
260 ## - PUBLICATION, DISTRIBUTION, ETC. (IMPRINT)
Name of publisher, distributor, etc B।V।B।Bombay।
260 ## - PUBLICATION, DISTRIBUTION, ETC. (IMPRINT)
Date of publication, distribution, etc --
300 ## - PHYSICAL DESCRIPTION
Extent 1205
600 ## - SUBJECT ADDED ENTRY--PERSONAL NAME
Personal name Majumdar R।C
630 ## - SUBJECT ADDED ENTRY--UNIFORM TITLE
Uniform title British Paramountcy&Indian R।- IX
700 ## - ADDED ENTRY--PERSONAL NAME
Personal name Majumdar R।C
730 ## - ADDED ENTRY--UNIFORM TITLE
Uniform title British Paramountcy&Indian R।- IX
942 ## - ADDED ENTRY ELEMENTS (KOHA)
Koha item type Book
Holdings
Withdrawn status Lost status Damaged status Not for loan Home library Current library Date acquired Cost, normal purchase price Total Checkouts Full call number Barcode Date last seen Cost, replacement price Price effective from Koha item type
        Hirachand Nemchand Wachanalaya, Solapur Hirachand Nemchand Wachanalaya, Solapur 11/21/2015 35.00   HNW-66382 HNW-66382 11/21/2015 35.00 11/21/2015 Book